000 00400nam a2200157Ia 4500
001 28493
003 IN-NITTTR
005 20251114233352.0
008 251113s9999||||xx |||||||||||||| ||eng||
040 _beng
040 _cIN-NITTTR
041 _aeng
082 _a339.460954 J575
245 0 _aJob creation and poverty reduction in India :
_b towards rapid and sustained growth /
942 _2ddc
_cBK
999 _c31121
_d31121